BIBLIOTECA

SENCICO

Modificación de la conducta organizacional (Registro nro. 1524)

Detalles MARC
000 -LEADER
fixed length control field 00697nam a2200253Ia 4500
005 - DATE AND TIME OF LATEST TRANSACTION
control field 20251020182514.0
008 - FIXED-LENGTH DATA ELEMENTS--GENERAL INFORMATION
fixed length control field 200515s9999 xx 000 0 und d
082 ## - DEWEY DECIMAL CLASSIFICATION NUMBER
Classification number 658.3.054/L98
100 ## - MAIN ENTRY--PERSONAL NAME
Personal name Kreitner, Robert
100 ## - MAIN ENTRY--PERSONAL NAME
Personal name Luthans, Fred
245 #0 - TITLE STATEMENT
Title Modificación de la conducta organizacional
260 ## - PUBLICATION, DISTRIBUTION, ETC.
Place of publication, distribution, etc. México, D.F.
260 ## - PUBLICATION, DISTRIBUTION, ETC.
Name of publisher, distributor, etc. Trillas
260 ## - PUBLICATION, DISTRIBUTION, ETC.
Date of publication, distribution, etc. 1979
300 ## - PHYSICAL DESCRIPTION
Extent 263 p.
500 ## - GENERAL NOTE
General note 1 ejemplar
520 ## - SUMMARY, ETC.
Summary, etc. Esclarece aspectos fundamentales, tanto teóricos como prácticos, de la conducta organizacional
650 ## - SUBJECT ADDED ENTRY--TOPICAL TERM
Topical term or geographic name entry element ADMINISTRACION
650 ## - SUBJECT ADDED ENTRY--TOPICAL TERM
Topical term or geographic name entry element ORGANIZACION
650 ## - SUBJECT ADDED ENTRY--TOPICAL TERM
Topical term or geographic name entry element PSICOLOGIA INDUSTRIAL
650 ## - SUBJECT ADDED ENTRY--TOPICAL TERM
Topical term or geographic name entry element RECURSOS HUMANOS
942 ## - ADDED ENTRY ELEMENTS (KOHA)
Koha item type Libros
Existencias
Fecha de la última vez que lo usaron Pago total Signatura topográfica completa Código de barras Precio efectivo desde Tipo de documento Estado perdido Estado dañado No es para préstamo Retirado Ubicación permanente Ubicación actual Fecha de adquisición
15/05/2020   658.3.054/L98 Bib-Lima15051524 15/05/2020 Libros         Biblioteca Central Lima Biblioteca Central Lima 15/05/2020